000 00230nam a2200109Ia 4500
008 190216s9999||||xx |||||||||||||| ||und||
100 _aBatty J
245 0 _aStandard Costing
260 _bNull
_c1966
300 _a669p
942 _cBK
999 _c4341
_d4341